[Event "Warsaw YMCA Summer-B 173rd"]
[Site "Warsaw"]
[Date "2016.08.03"]
[Round "7"]
[White "Koltuniak, Agnieszka"]
[Black "Wolniewicz, Miroslaw"]
[Result "1/2-1/2"]
[WhiteElo "1115"]
[BlackElo "1377"]
[PlyCount "152"]
[EventDate "2016.07.01"]
[EventType "tourn"]
[EventRounds "11"]
[EventCountry "POL"]
[SourceTitle "EXT 2019"]
[Source "ChessBase"]
[SourceDate "2018.10.10"]
[SourceVersion "1"]
[SourceVersionDate "2018.10.10"]
[SourceQuality "1"]

1. e4 e5 2. Bc4 Nf6 3. Nf3 Nc6 4. Nc3 h6 5. d3 Bc5 6. 0-0 d6 7. h3 a6 8. a3 0-0 9. b4 Bd4 10. Nxd4 Nxd4 11. f4 b5 12. Bd5 c6 13. fxe5 dxe5 14. Ba2 Qe7 15. Be3 c5 16. Nd5 Nxd5 17. Bxd5 Rb8 18. c3 Ne6 19. Bxe6 Qxe6 20. Bxc5 Rd8 21. Qf3 Rb7 22. d4 f6 23. d5 Qf7 24. Rac1 Bd7 25. Qf2 Qg6 26. Qe3 Qg5 27. Qf3 Qg6 28. Kh2 Rc8 29. d6 Bc6 30. Rfe1 Qf7 31. Qd3 Qc4 32. Qxc4+ bxc4 33. Rc2 Kf7 34. g4 Ke6 35. Kg3 g5 36. Ra2 Ba4 37. Rd2 Kd7 38. Rf1 Rf8 39. Bg1 Bc6 40. Kf3 Ke6 41. Bc5 Rd8 42. Ke3 Rf7 43. Bb6 Rxd6 44. Rxd6+ Kxd6 45. Rd1+ Ke6 46. Bc5 Rd7 47. Rxd7 Kxd7 48. Bf8 Ke6 49. Bxh6 Kf7 50. Kf3 Kg6 51. Bf8 Kf7 52. Bh6 Kg6 53. Bf8 Kf7 54. Bc5 Kg6 55. Bf2 Ba4 56. Ke3 Bd1 57. Kd2 Bf3 58. Ke3 Bd1 59. Bg3 Bc2 60. h4 Bd1 61. hxg5 Kxg5 62. Kd2 Bxg4 63. a4 Bd7 64. a5 Kg4 65. Bf2 Kf4 66. Bh4 Kxe4 67. Bxf6 Kf4 68. Be7 e4 69. Bc5 Kf3 70. Ke1 Ba4 71. Kf1 e3 72. Ke1 Bd7 73. Bd4 Ke4 74. Kd1 Kd3 75. Ke1 Ba4 76. Be5 e2 1/2-1/2

[Event "Warsaw YMCA Summer-B 173rd"]
[Site "Warsaw"]
[Date "2016.07.27"]
[Round "6"]
[White "Wolniewicz, Miroslaw"]
[Black "Szymanski, Pawel"]
[Result "1/2-1/2"]
[WhiteElo "1377"]
[BlackElo "1501"]
[PlyCount "64"]
[EventDate "2016.07.01"]
[EventType "tourn"]
[EventRounds "11"]
[EventCountry "POL"]
[SourceTitle "EXT 2019"]
[Source "ChessBase"]
[SourceDate "2018.10.10"]
[SourceVersion "1"]
[SourceVersionDate "2018.10.10"]
[SourceQuality "1"]

1. d4 d5 2. Nc3 Nf6 3. Bg5 Bf5 4. e3 e6 5. Bd3 Be7 6. Bxf5 exf5 7. Nf3 c6 8. Qd3 Ne4 9. Bxe7 Qxe7 10. 0-0 g5 11. Nd2 Nd7 12. Ncxe4 dxe4 13. Qe2 h5 14. f3 Nf6 15. fxe4 fxe4 16. Qf2 Ng4 17. Qe2 Qd6 18. g3 Qe6 19. h3 Nf6 20. Qf2 Nd5 21. c4 Ne7 22. Qf6 Rh6 23. Qxe6 Rxe6 24. Rf2 f5 25. c5 Kf7 26. Nc4 Kg6 27. Raf1 Rf6 28. Nd6 Raf8 29. Nc4 Rd8 30. Nd6 Rdf8 31. Nc4 Rd8 32. Nd6 Rdf8 1/2-1/2

[Event "Warsaw YMCA Summer-B 173rd"]
[Site "Warsaw"]
[Date "2016.07.06"]
[Round "4"]
[White "Sloniewska, Alicja"]
[Black "Wolniewicz, Miroslaw"]
[Result "1/2-1/2"]
[WhiteElo "1147"]
[BlackElo "1377"]
[PlyCount "115"]
[EventDate "2016.07.01"]
[EventType "tourn"]
[EventRounds "11"]
[EventCountry "POL"]
[SourceTitle "EXT 2019"]
[Source "ChessBase"]
[SourceDate "2018.10.10"]
[SourceVersion "1"]
[SourceVersionDate "2018.10.10"]
[SourceQuality "1"]

1. d4 d5 2. c4 dxc4 3. e4 c6 4. Bxc4 e6 5. Nf3 Nf6 6. Nc3 Nbd7 7. 0-0 Nb6 8. Bd3 Be7 9. Rb1 0-0 10. Bd2 c5 11. Be3 cxd4 12. Bxd4 Nbd7 13. Rc1 Bc5 14. Bb1 Bxd4 15. Qxd4 Nb6 16. Rfd1 Qxd4 17. Rxd4 Bd7 18. a4 a5 19. Ng5 e5 20. Rd3 Nxa4 21. Nxa4 Bxa4 22. Rc7 Bc6 23. Re3 Rfd8 24. Bd3 Bxe4 25. Nxe4 Nxe4 26. h3 Nf6 27. Bc4 Nd5 28. Bxd5 Rxd5 29. Rxb7 f6 30. h4 Rad8 31. Kh2 Rd4 32. Kh3 Rb4 33. Rxb4 axb4 34. Re4 Rb8 35. b3 h5 36. g4 hxg4+ 37. Kxg4 g6 38. Kg3 Kg7 39. f4 exf4+ 40. Kxf4 Rh8 41. Kg3 Rb8 42. Rc4 Rb5 43. Kg4 Kh6 44. Kf4 Kh5 45. Kg3 g5 46. hxg5 Kxg5 47. Rg4+ Kf5 48. Rf4+ Ke5 49. Rc4 f5 50. Kf3 Kf6 51. Kf4 Kg6 52. Kg3 Kg5 53. Kf3 Rb8 54. Kg3 Rb7 55. Kf3 Kh5 56. Kf4 Rb5 57. Kg3 Kg5 58. Kf3 1/2-1/2